000 00493nam a2200157 a 4500
082 0 0 _a294.51
_bRYE
100 _aRyerson, Charles
245 _aRegionalism and Religion: The Tamil Renaissance & Popular Hinduism
260 _aMadras
_bChristian Literature Society
_c1988
300 _a230p
500 _aincludes index and biblioraphy
505 2 _aChristian`s World/christian`s God/ Christian`s Life/christian`s Bible
650 _aHinduism-Tamil
700 1 _aRyerson, Charles
942 _cBK
999 _c6772
_d6772